Documentos de Don José de la Borda y Don Manuel de la Borda (Record no. 4687)

MARC details
000 -CABECERA
campo de control de longitud fija 01381nam a2200313 a 4500
001 - NÚMERO DE CONTROL
campo de control BRCA_4993
005 - FECHA Y HORA DE LA ÚLTIMA TRANSACCIÓN
campo de control 20190320204908.0
008 - DATOS DE LONGITUD FIJA--INFORMACIÓN GENERAL
campo de control de longitud fija 281010s1792----mx-######v---#000-0#spa-#
041 ## - CÓDIGO DE LENGUA
Código de lengua del texto/banda sonora o título independiente spa
044 ## - CÓDIGO DEL PAÍS DE LA ENTIDAD EDITORA/PRODUCTORA
Código MARC del país mx
084 ## - OTRO NÚMERO DE CLASIFICACIÓN
Número de clasificación DOC86
Número de documento/Ítem .B67
-- 1792
100 1# - ENTRADA PRINCIPAL--NOMBRE DE PERSONA
Nombre de persona Borda, José de la
9 (RLIN) 12721
245 10 - MENCIÓN DE TÍTULO
Título Documentos de Don José de la Borda y Don Manuel de la Borda
Mención de responsabilidad, etc. José de la Borda, Manuel de la Borda, Mariano Sánchez.
260 ## - PUBLICACIÓN, DISTRIBUCIÓN, ETC.
Lugar de publicación, distribución, etc. Zacatecas, México
Fecha de publicación, distribución, etc. 1792
300 ## - DESCRIPCIÓN FÍSICA
Extensión [41] fojas
Dimensiones 31 x 21 cm
500 ## - NOTA GENERAL
Nota general Documento expedido en agosto de 1792 en Zacatecas
500 ## - NOTA GENERAL
Nota general Papeles de Don José de la Borda y Don Manuel de la Borda. Inventario hecho por el Lic. Don Miguel de Larrañaga de los bienes que quedaron por fin y muerte del Doctor Manuel de la Borda, a cargo de Don Mariano Sánchez
500 ## - NOTA GENERAL
Nota general El documento tiene la leyenda DOC. #246
500 ## - NOTA GENERAL
Nota general Papel con marca de agua
500 ## - NOTA GENERAL
Nota general Estado de conservación: Contiene rasgaduras y rasgos de acidificación
506 0# - NOTA DE RESTRICCIONES AL ACCESO
Limitaciones de acceso Fondo reservado: para su consulta es necesario credencial de usuario y carta de motivos
546 ## - NOTA DE LENGUA/LENGUAJE
Nota de lengua/lenguaje Texto en: español de finales del siglo XVIII
600 14 - PUNTO DE ACCESO ADICIONAL DE MATERIA--NOMBRE DE PERSONA
Nombre de persona Borda, José de la
9 (RLIN) 12721
651 #4 - PUNTO DE ACCESO ADICIONAL DE MATERIA--NOMBRE GEOGRÁFICO
Nombre geográfico México
Subdivisión de forma Manuscrito
Subdivisión general Historia
Subdivisión cronológica Colonia, 1521-1821
9 (RLIN) 12722
700 1# - PUNTO DE ACCESO ADICIONAL--NOMBRE DE PERSONA
Nombre de persona Borda, Manuel de la
9 (RLIN) 12723
700 1# - PUNTO DE ACCESO ADICIONAL--NOMBRE DE PERSONA
Nombre de persona Sánchez, Mariano
9 (RLIN) 12724
902 ## - CATALOGADOR
Iniciales FDH
942 ## - ELEMENTOS DE PUNTO DE ACCESO ADICIONAL (KOHA)
Fuente del sistema de clasificación o colocación Library of Congress Classification
Tipo de ítem Koha Documentos
Holdings
Estado de retiro Estado de pérdida Estado dañado No para préstamo Localización permanente Ubicación/localización actual Fecha de adquisición Total de préstamos Signatura topográfica completa Código de barras Fecha visto por última vez Precio válido a partir de Tipo de ítem Koha
El ejemplar forma parte de la colección y puede ser consultado según las políticas vigentes.       Biblioteca del Museo Franz Mayer (Rogerio Casas-Alatriste) Biblioteca del Museo Franz Mayer (Rogerio Casas-Alatriste) 28/10/2010   DOC86 .B67 1792 5077 22/03/2019 22/03/2019 Documentos